Revaluo contable (Ley 19742) (Registro nro. 1099)
[ vista simple ]
| 000 -LEADER | |
|---|---|
| fixed length control field | 01351 a2200217 4500 |
| 001 - CONTROL NUMBER | |
| control field | 23265 |
| 005 - DATE AND TIME OF LATEST TRANSACTION | |
| control field | 20260407155521.0 |
| 008 - FIXED-LENGTH DATA ELEMENTS--GENERAL INFORMATION | |
| fixed length control field | 260407a1978 arg spa d |
| 003 - CONTROL NUMBER IDENTIFIER | |
| control field | AR-UNSa-BCEJYS |
| 040 ## - CATALOGING SOURCE | |
| Original cataloging agency | AR-UNSa-BCEJYS |
| Language of cataloging | spa |
| Transcribing agency | AR-UNSa-BCEJYS |
| 080 ## - UNIVERSAL DECIMAL CLASSIFICATION NUMBER | |
| Universal Decimal Classification number | 657.372.2 |
| Common auxiliary subdivision | Evaluación (revaluo) |
| 100 1# - MAIN ENTRY--PERSONAL NAME | |
| Personal name | García, Sergio O. |
| 245 10 - TITLE STATEMENT | |
| Title | Revaluo contable (Ley 19742) |
| 264 #1 - PRODUCTION, PUBLICATION, DISTRIBUTION, MANUFACTURE, AND COPYRIGHT NOTICE | |
| Place of production, publication, distribution, manufacture | Buenos Aires : |
| Name of producer, publisher, distributor, manufacturer | Ediciones Contabilidad Moderna |
| Date of production, publication, distribution, manufacture, or copyright notice | 1978 |
| 300 ## - PHYSICAL DESCRIPTION | |
| Extent | 287 p. |
| Dimensions | 22 cm. |
| 505 ## - FORMATTED CONTENTS NOTE | |
| Formatted contents note | Primera Parte : Introducción : 1. Origenes de la actualización contable - 2. Contenido de la ley Nº 19.742 - Segunda Parte : El Regimen de la ley Nº 19.742 : 3. Activos y pasivos en moneda extranjera - 4. Titulos, valores publicos - 5. Acciones provenientes de la capitalización de saldos por actualización contable - 6. Procedimiento general de actualización de activos - 7. Calculo de la acualización contable - 8. Procedimientos particulares de actualización - 9. Saldos por actualización contable - 10. Capital social y saldos por actualización - Tercera Parte : Aspectos Particulares : 11. Exposición, información y control de la información - 12. Aspectos generales - 13. Entes no comprendidos en el regimén de la ley Nº 19.742. |
| 590 ## - LOCAL NOTE (RLIN) | |
| Local note | niveau_biblio:m niveau_hierar:0 |
| 650 ## - SUBJECT ADDED ENTRY--TOPICAL TERM | |
| Topical term or geographic name entry element | Ley 19.742 |
| 650 ## - SUBJECT ADDED ENTRY--TOPICAL TERM | |
| Topical term or geographic name entry element | ley 19 742 |
| 942 ## - ADDED ENTRY ELEMENTS (KOHA) | |
| Koha item type | |
| Withdrawn status | Lost status | Damaged status | Not for loan | Home library | Current library | Shelving location | Date acquired | Total checkouts | Full call number | Barcode | Date last seen | Price effective from | Koha item type |
|---|---|---|---|---|---|---|---|---|---|---|---|---|---|
| Biblioteca Prof. Eusebio Cleto del Rey | Biblioteca Prof. Eusebio Cleto del Rey | 07/04/2026 | 657.372.2 G216 | L33814 | 07/04/2026 | 07/04/2026 | Libro | ||||||
| Biblioteca Prof. Eusebio Cleto del Rey | Biblioteca Prof. Eusebio Cleto del Rey | 07/04/2026 | 657.372.2 G216 | L33813 | 07/04/2026 | 07/04/2026 | Libro | ||||||
| Biblioteca Prof. Eusebio Cleto del Rey | Biblioteca Prof. Eusebio Cleto del Rey | 07/04/2026 | 657.372.2 G216 | L13848 | 07/04/2026 | 07/04/2026 | Libro | ||||||
| Biblioteca Prof. Eusebio Cleto del Rey | Biblioteca Prof. Eusebio Cleto del Rey | 07/04/2026 | 657.372.2 G216 | L33675 | 07/04/2026 | 07/04/2026 | Libro |